| 000 | 01211nam a2200289 a 4500 | ||
|---|---|---|---|
| 003 | BLK | ||
| 005 | 20250712130440.0 | ||
| 008 | 180411b bul|||||r ||||||| ||bul|| | ||
| 020 | _a9789542718888 | ||
| 040 | _aBLK | ||
| 041 |
_aBUL _cBUL |
||
| 080 |
_aЛитература на отделни езици и езикови семейства _b821 _x-93-34 _z821-93-34 |
||
| 245 | 1 | 0 |
_aЕлена от Авалор _bСестра за пример _cпрев. Габриела Каменова. |
| 257 | _aSB | ||
| 260 |
_aСофия _bЕгмонт България _c2017 _fСофия : Лито Балкан |
||
| 300 |
_a64 с. _bс цв. ил. _c23 см |
||
| 380 | _aDX | ||
| 490 | 1 | _aЧародейства | |
| 500 | _aОриг. загл.: Elena of Avalor: model sister. - Загл. на кор.: Елена от Авалор | ||
| 653 |
_9184826 _aдетска литература |
||
| 700 | 1 |
_aКаменова, Габриела Цветанова _eпрев. _9385863 |
|
| 852 |
_aЦб 286052 _bЦб _c821-93/Е 49 |
||
| 942 |
_cKNG _n0 _06 |
||
| 944 |
_aCR _c12.06.2017 _k30546 _lРенета Константинова |
||
| 944 |
_aED _c2023-07-18 _kСТ |
||
| 999 |
_c198459 _d198459 |
||